[Event "DEM U10 2019"]
[Site "Willingen GER"]
[Date "2019.06.09"]
[Round "1"]
[White "Jumah, Shayan"]
[Black "Schlange, Jonathan"]
[Result "1-0"]
[Termination "normal"]
[Board "22"]
[WhiteElo "1295"]
[BlackElo "1488"]
[PlyCount "75"]
[WhiteFideId "16281888"]
[BlackFideId "16287240"]
[EventCountry "GER"]
[EventRounds "11"]
[EventType "swiss"]
[EventDate "2019.06.08"]

1. e4 c5 2. Nf3 d6 3. d4 cxd4 4. Nxd4 Nf6 5. Nc3 g6 6. Be2 Bg7 7. Be3 O-O 8.
O-O Nc6 9. Nxc6 bxc6 10. Qd2 Re8 11. Bh6 Bh8 12. Qg5 Qb6 13. Rab1 Qd4 14. Bd3
Bd7 15. Rfe1 Rab8 16. e5 dxe5 17. Rxe5 Nd5 18. Re4 f6 19. Qf4 Qxc3 20. bxc3
Rxb1+ 21. Qc1 Rxc1+ 22. Bxc1 Nxc3 23. Bc4+ e6 24. Rd4 f5 25. Rxd7 h5 26. Rxa7
Kf8 27. Kf1 Rd8 28. Bd3 e5 29. f3 e4 30. fxe4 fxe4 31. Be2 Bd4 32. Ra6 c5 33.
a4 Kg7 34. a5 Rf8+ 35. Ke1 Rf2 36. Bc4 Rxg2 37. Ra7+ Kf6 38. Rf7+ 1-0

[Event "DEM U10 2019"]
[Site "Willingen GER"]
[Date "2019.06.09"]
[Round "1"]
[White "Xue, Luka"]
[Black "Mühlbauer, Adrian"]
[Result "1-0"]
[Termination "normal"]
[Board "23"]
[WhiteElo "1429"]
[BlackElo "1193"]
[PlyCount "107"]
[WhiteFideId "16277252"]
[BlackFideId "16287223"]
[EventCountry "GER"]
[EventRounds "11"]
[EventType "swiss"]
[EventDate "2019.06.08"]

1. e4 e5 2. Nf3 Nc6 3. Bc4 Nf6 4. Ng5 d5 5. exd5 Na5 6. Bb5+ c6 7. dxc6 bxc6 8.
Ba4 Bd6 9. d3 h6 10. Nf3 Bd7 11. O-O O-O 12. b4 Nb7 13. Bb2 Qc7 14. Nbd2 c5 15.
Bxd7 Nxd7 16. bxc5 Nbxc5 17. Nc4 Na4 18. Rb1 Rab8 19. Ba1 Rxb1 20. Qxb1 Rb8 21.
Qe1 Re8 22. Nxd6 Qxd6 23. Qa5 Nab6 24. Re1 f6 25. Nh4 Rc8 26. c4 Qxd3 27. Qxa7
Qxc4 28. Nf5 Ra8 29. Qb7 Qxa2 30. Bc3 Qc2 31. Ne7+ Kh7 32. Qf3 Ra3 33. Re3 Qc1+
34. Be1 Ra1 35. h3 Nc5 36. Kh2 Ra4 37. Qf5+ Kh8 38. Qg6 Ra8 39. Rg3 Ne6 40. Nf5
Qc7 41. Ba5 Rxa5 42. Nxh6 Ra8 43. Rg4 gxh6 44. Qxh6+ Qh7 45. Qxf6+ Ng7 46. Rh4
Nd7 47. Rxh7+ Kxh7 48. Qh4+ Kg8 49. Qe4 Rf8 50. Qd5+ Rf7 51. h4 Kf8 52. f3 Ke8
53. g4 Ne6 54. Qxe6+ 1-0

[Event "DEM U10 2019"]
[Site "Willingen GER"]
[Date "2019.06.09"]
[Round "1"]
[White "Birkenheier, Nicolas"]
[Black "Ruddat, Jarne"]
[Result "1/2-1/2"]
[Termination "normal"]
[Board "24"]
[WhiteElo "1160"]
[BlackElo "1350"]
[PlyCount "158"]
[WhiteFideId "16287100"]
[BlackFideId "16254236"]
[EventCountry "GER"]
[EventRounds "11"]
[EventType "swiss"]
[EventDate "2019.06.08"]

1. e4 c5 2. Nf3 g6 3. Nc3 Bg7 4. Bb5 a6 5. Bc4 e6 6. a3 b5 7. Ba2 Bb7 8. O-O
Ne7 9. Re1 O-O 10. d3 d5 11. Rb1 Bxc3 12. bxc3 dxe4 13. dxe4 Qxd1 14. Rxd1 Bxe4
15. Rb2 Nbc6 16. Re1 Bd5 17. Bxd5 Nxd5 18. Bd2 Na5 19. h3 Nc4 20. Rb3 Nxd2 21.
Nxd2 c4 22. Rb2 Nxc3 23. Ne4 Nd5 24. Nc5 Rfc8 25. Nd7 Rc7 26. Ne5 Rd8 27. Rd1
Rcc8 28. Kh1 f6 29. Nf3 Nc3 30. Rxd8+ Rxd8 31. Kh2 e5 32. Kg3 Rd1 33. Kh2 Rb1
34. Rxb1 Nxb1 35. Kg1 Nxa3 36. Kf1 Nxc2 37. Ke2 b4 38. Kd2 b3 39. Kc3 a5 40.
Nd2 Na3 41. Kb2 Nb5 42. Nxc4 Nd4 43. Nxa5 Ne2 44. Nc4 Nf4 45. Ne3 Nd3+ 46. Kxb3
Nxf2 47. Kc2 Kg7 48. Kd2 Kh6 49. Ke2 Ne4 50. Kf3 Ng5+ 51. Kg4 Nf7 52. Nd5 f5+
53. Kg3 f4+ 54. Kg4 Kg7 55. Kf3 Ng5+ 56. Kg4 Ne6 57. Kf3 Nc5 58. Ke2 Kf7 59.
Kf3 Ke6 60. Nc7+ Kd7 61. Nd5 Kd6 62. Nf6 h6 63. h4 Ke6 64. Ne8 Ke7 65. Nc7 Ne6
66. Nd5+ Kd6 67. Nf6 Ng7 68. Ke4 Ke6 69. Ng4 g5 70. hxg5 hxg5 71. Nxe5 Ne8 72.
Ng6 Nd6+ 73. Kf3 Kf6 74. Nxf4 gxf4 75. Kxf4 Nf5 76. g4 Ng7 77. g5+ Kg6 78. Kg4
Ne6 79. Kh4 Nxg5 1/2-1/2

[Event "DEM U10 2019"]
[Site "Willingen GER"]
[Date "2019.06.09"]
[Round "1"]
[White "Goldmann, David"]
[Black "Detjen, Mattes"]
[Result "1/2-1/2"]
[Termination "normal"]
[Board "25"]
[WhiteElo "1477"]
[BlackElo "1296"]
[PlyCount "74"]
[WhiteFideId "16268920"]
[BlackFideId "16235690"]
[EventCountry "GER"]
[EventRounds "11"]
[EventType "swiss"]
[EventDate "2019.06.08"]

1. e4 e5 2. Nf3 Nc6 3. d4 exd4 4. Nxd4 Nf6 5. Nxc6 bxc6 6. Bd3 d5 7. e5 Ng4 8.
O-O Bc5 9. Bf4 f6 10. h3 Nxe5 11. Bxe5 fxe5 12. Qh5+ Kf8 13. Qxe5 Bd6 14. Qe3
Qf6 15. c3 Qf4 16. Qxf4+ Bxf4 17. Na3 Kf7 18. c4 Rb8 19. Rab1 Ba6 20. Rfd1 Be5
21. b3 Bd6 22. Nc2 dxc4 23. Bxc4+ Bxc4 24. bxc4 Rxb1 25. Rxb1 Re8 26. Kf1 Re4
27. Ne3 Bc5 28. Rb7 Bb6 29. c5 Bxc5 30. Rxc7+ Re7 31. Rxc6 Bxe3 32. fxe3 Rxe3
33. Kf2 Ra3 34. Rc2 Kf6 35. Ke1 h5 36. Kd1 g5 37. Rf2+ Kg6 1/2-1/2

[Event "DEM U10 2019"]
[Site "Willingen GER"]
[Date "2019.06.09"]
[Round "1"]
[White "Lumma, Justus"]
[Black "Kullmann, Theo"]
[Result "0-1"]
[Termination "normal"]
[Board "28"]
[WhiteElo "1077"]
[BlackElo "1465"]
[PlyCount "50"]
[WhiteFideId "16287193"]
[BlackFideId "16218582"]
[EventCountry "GER"]
[EventRounds "11"]
[EventType "swiss"]
[EventDate "2019.06.08"]

1. e4 e5 2. Nf3 Nc6 3. Nc3 Nf6 4. d4 exd4 5. Nxd4 Bc5 6. Nxc6 bxc6 7. Bd3 O-O
8. Bg5 h6 9. Bh4 Be7 10. O-O Nxe4 11. Bxe7 Nxc3 12. Bxd8 Nxd1 13. Be7 Nxb2 14.
Bxf8 Kxf8 15. Rab1 Na4 16. Rfe1 d5 17. Rb4 Nc3 18. a3 c5 19. Rb3 Na4 20. Bb5
Be6 21. Bxa4 c4 22. Rbe3 d4 23. Rg3 Rb8 24. Re4 Rb1+ 25. Re1 Rxe1# 0-1